000 00496nam a2200181 a 4500
005 20140310183342.0
008 070109s19uu xx 00 eng d
020 _a4889961216
050 _aNC 825
_b.K97 2003
100 _aKusano, You.
245 _aSuper character design & poses :
_bvol. 1 hero /
260 _aTokyo :
_bMPC Publishing Co., Ltd,
_c2003.
300 _a119 p. :
_bill. ;
_c25 cm.
521 _aMA
650 _aDrawing
_xTechnique.
942 _cBK
_2lcc
_kFOR
999 _c21827
_d21827